El ascenso del principe democratico / The rise of democratic prince (Record no. 95625)

MARC details
000 -LEADER
campo de control de longitud fija 00834cam a22002653 4500
001 - NÚMERO DE CONTROL
campo de control 99370
005 - FECHA Y HORA DE LA ÚLTIMA TRANSACCIÓN
campo de control 20230410143108.0
008 - DATOS DE LONGITUD FIJA--INFORMACIÓN GENERAL
campo de control de longitud fija 101118s2009 xx 000 0 spa d
035 ## - NÚMERO DE CONTROL DEL SISTEMA
Número de control de sistema (OCoLC)ocn682894793
040 ## - FUENTE DE CATALOGACIÓN
Centro catalogador/agencia de origen BTCTA
Lengua de catalogación eng
Centro/agencia transcriptor BTCTA
Centro/agencia modificador YDXCP
020 ## - NÚMERO INTERNACIONAL ESTÁNDAR DEL LIBRO
Número Internacional Estándar del Libro 9789505578214
020 ## - NÚMERO INTERNACIONAL ESTÁNDAR DEL LIBRO
Número Internacional Estándar del Libro 9505578210
035 ## - NÚMERO DE CONTROL DEL SISTEMA
Número de control de sistema (OCoLC)682894793
049 ## - FONDOS LOCALES (OCLC)
Biblioteca depositaria GRAL
050 14 - SIGNATURA TOPOGRÁFICA DE LA BIBLIOTECA DEL CONGRESO
Número de clasificación bA811 2009
245 00 - MENCIÓN DEL TÍTULO
Título El ascenso del principe democratico / The rise of democratic prince
Resto del título Quien Gobierna Y Como Se Gobiernan Las Democracias / Who Governs and How Democracies Govern.
260 ## - PUBLICACIÓN, DISTRIBUCIÓN, ETC.
Nombre del editor, distribuidor, etc. Fondo De Cultura Economica USA
Fecha de publicación, distribución, etc. 2009.
300 ## - DESCRIPCIÓN FÍSICA
Extensión p.
Dimensiones cm.
720 ## - ENTRADA AGREGADA--NOMBRE NO CONTROLADO
Nombre Fabbrini, Sergio
938 ## -
-- Baker and Taylor
-- BTCP
-- BK0009434236
938 ## -
-- YBP Library Services
-- YANK
-- 3537658
942 ## - ELEMENTOS DE ENTRADA SECUNDARIOS (KOHA)
Fuente del sistema de clasificación o colocación Clasificación de Library of Congress
Tipo de ítem Koha
946 ## - PROCESAMIENTO DE INFORMACIÓN LOCAL (OCLC)
a INF
994 ## -
-- C0
-- DRFGD
Holdings
Estatus retirado Estado de pérdida Fuente del sistema de clasificación o colocación Estado de daño No para préstamo Colección Biblioteca de origen Biblioteca actual Ubicación en estantería Fecha de adquisición Signatura topográfica completa Código de barras Visto por última vez Copia número Tipo de ítem Koha
    Clasificación de Library of Congress     Automatización y Procesos Técnicos Biblioteca Juan Bosch Biblioteca Juan Bosch Automatización y Procesos Técnicos (1er. Piso) 10/04/2023 A811 2009 00000091752 21/01/2019 1